| 000 | 00523nam a22001937a 4500 | ||
|---|---|---|---|
| 003 | NUST - PNEC | ||
| 005 | 20170116180756.0 | ||
| 008 | 150407b xxu||||| |||| 00| 0 eng d | ||
| 020 | _a0195979141 | ||
| 040 | _cLIBRARY | ||
| 082 | _a330.954 ZAD | ||
| 100 |
_92133 _aZaidi, S. Akbar |
||
| 245 |
_aIssues in Pakistan's economy _cS. Akbar Zaidi |
||
| 250 | _a2nd ed. | ||
| 260 |
_aNew York _bOxford University Press _cc1999. |
||
| 300 |
_a530 p. : _c27 cm. |
||
| 650 |
_92136 _aPakistan, Economics _xMIS |
||
| 942 |
_2ddc _cBK |
||
| 999 |
_c62769 _d62769 |
||